000 00331nam a22001457a 4500
008 210312b ||||| |||| 00| 0 eng d
020 _a0538510404
041 _aeng
080 _215th
_a330.722.6
082 _215th
_a330.722.6
100 _a61
101 _aKF
245 _aAccounting Principless
_cFess,E.PH
942 _2udc
_cBK
999 _c56572
_d56572